000 00745nam a22002537a 4500
003 UA-OsUOA
001 121526
007 ta
008 20170321b un ||||| |||| 00| 0 ukr d
100 _aКоломієць В. Р.
090 _a821.161.2
_bК61
942 _cBK
040 _aUA-OsUOA
_bukr
_cUA-OsUOA
_dUA-OsUOA
245 _aРоса і попіл...
_bповість із побутових та непобутових новел
300 _a135 с.
955 _a3
041 _aukr
080 _a821.161.2
020 _a966-579-168-9
591 _aДімаров А.
260 _aК.
_bУкр. письменник
_c2006
650 7 _a82 Література. Літературознавство
_2UDC
999 _c407646
_d407646